| 000 | 00437nam a2200181Ia 4500 | ||
|---|---|---|---|
| 001 | 9336 | ||
| 005 | 20260306161711.0 | ||
| 008 | 260306t2005||||xx |||||||||||||| ||spa|| | ||
| 041 | _aESP | ||
| 082 |
_a378.1012 _bL31 |
||
| 100 |
_aLay, Stephen _eAUT |
||
| 245 | 0 | _aLa interpretación de la carta magna universitaria y sus principios | |
| 260 | _c2005 | ||
| 300 |
_a _c |
||
| 650 | _aGEN | ||
| 654 | _aCED | ||
| 942 |
_cLIB _dJUS _fJUS _2ddc _n |
||
| 999 |
_c9336 _d9336 |
||